000 00170nam a2200097Ia 4500
100 _a#N/A
942 _cBK
245 _aComputer Home
260 _b#N/A
546 _aENGLISH
999 _c24294
_d24294